| 000 | 01475cad a22002175a 4500 | ||
|---|---|---|---|
| 001 | L140807 | ||
| 008 | 071012s2007 xxk f 000 0 eng d | ||
| 035 | _a(Sirsi) u140807 | ||
| 041 | 0 | _aeng | |
| 050 | 0 | 4 | _a627.4 $2 18 |
| 110 | 2 |
_aNatural England Board _95386 |
|
| 245 | 0 | 0 |
_aNatural England's policy position on housing growth and green infrastructure _bprescoping paper on principles _h[electronic resource] |
| 260 |
_aSheffield _bNatural England _c2007 |
||
| 520 | _aSets out Natural England's policy position on flooding in the light of major flooding events during summer 2007. Considers the positions of major bodies such as the Environment Agency and DEFRA. Argues that multi-objective schemes at the level of catchments, estuaries and coastal cells should be implemented to a greater degree by the Environment Agency. Such schemes should be designed to work with natural processes rather than seeking to inhibit them. Supports the government strategy. Argues that the shoreline management policy requires greater effort. River restoration, floodplain storage and re-alignment of defences are also seen as key to flood prevention. | ||
| 590 | _aKA | ||
| 650 | 2 | 4 | _aPLANNING POLICY STATEMENT 25 |
| 651 | 4 |
_aEngland _y886- |
|
| 690 | _aENVIRONMENTAL AND LAND CONSULTANCY-WATER RESOURCE MANAGEMENT-FLOODING | ||
| 856 | 4 | 0 |
_uhttps://www.naturalengland.org.uk/about/board/oct07/default.htm _zView the item free of charge at www.naturalengland.org.uk... |
| 942 | _n0 | ||
| 999 |
_c107541 _d107541 |
||